[Event "Nizami Ganjavi 880 years U17"]
[White "Snehin, Syamal"]
[Black "Hald Falkesgaard, Jeppe"]
[Site "Tornelo INT"]
[Round "7.11"]
[Result "0-1"]
[Date "2021.04.04"]
[WhiteElo "1204"]
[BlackElo "1986"]
[PlyCount "46"]
[EventDate "2021.04.02"]
[EventType "team-swiss (blitz)"]
[EventRounds "9"]
[EventCountry "AZE"]
[SourceTitle "EXT 2023"]
[Source "ChessBase"]
[SourceDate "2022.10.05"]
[SourceVersion "1"]
[SourceVersionDate "2022.10.05"]
[SourceQuality "1"]
[WhiteTeam "Abu Dhabi"]
[BlackTeam "Denmark"]
[WhiteTeamCountry "UAE"]
[BlackTeamCountry "DEN"]

1. e4 c5 2. Nf3 e6 3. c3 Nf6 4. e5 Nd5 5. d4 cxd4 6. cxd4 Nc6 7. Nc3 d6 8. Nxd5 exd5 9. Bb5 Bg4 10. 0-0 a6 11. Bxc6+ bxc6 12. Qa4 Qd7 13. exd6 Bxf3 14. Re1+ Be4 15. f3 Bxd6 16. fxe4 0-0 17. exd5 Qc7 18. Qxc6 Bxh2+ 19. Kh1 Qg3 20. Bd2 Qh4 21. Bb4 Be5+ 22. Kg1 Bxd4+ 23. Kf1 Qf2# 0-1